Hazard symbols - Statistics

General Stats
  • This quiz has been taken 124 times
  • The average score is 5 of 9
Answer Stats
Picture Answer % Correct
Flammable
86%
Corrosive
84%
Explosive
82%
Toxic
74%
Oxidizing
45%
Compressed gas
32%
Harmful
32%
Health hazard
25%
Nature polluting
7%
No matching quizzes found
Score Distribution
Percent of People with Each Score
Percentile by Number Answered
Your Score History
You have not taken this quiz